[Event "Wch Blitz (Women)"]
[Site "Riadh"]
[Date "2017.12.29"]
[Round "3"]
[White "Albzoor, Anwar"]
[Black "Arakhamia Grant, Ketevan"]
[Result "0-1"]
[WhiteElo "1595"]
[BlackElo "2350"]
[PlyCount "48"]
[EventDate "2017.12.29"]
[EventType "swiss (blitz)"]
[EventRounds "21"]
[EventCountry "SAU"]
[SourceTitle "CBM 182 Extra"]
[Source "ChessBase"]
[SourceDate "2018.02.23"]
[SourceVersion "1"]
[SourceVersionDate "2018.02.23"]
[SourceQuality "1"]

1. Nf3 Nf6 2. c4 g6 3. Nc3 Bg7 4. g3 0-0 5. Bg2 d6 6. 0-0 e5 7. d3 Nc6 8. Bd2 h6 9. Rb1 Nh5 10. b4 f5 11. b5 Ne7 12. Qb3 Kh7 13. a4 Be6 14. Qc2 b6 15. Nh4 Rc8 16. Nd5 g5 17. Nf3 Ng6 18. a5 g4 19. Ne1 Nf6 20. Nxf6+ Qxf6 21. axb6 axb6 22. Qa2 h5 23. Rc1 Kh8 24. Nc2 f4 0-1

[Event "Wch Blitz (Women)"]
[Site "Riadh"]
[Date "2017.12.29"]
[Round "10"]
[White "Albzoor, Anwar"]
[Black "Danielian, Elina"]
[Result "0-1"]
[WhiteElo "1595"]
[BlackElo "2413"]
[PlyCount "98"]
[EventDate "2017.12.29"]
[EventType "swiss (blitz)"]
[EventRounds "21"]
[EventCountry "SAU"]
[SourceTitle "CBM 182 Extra"]
[Source "ChessBase"]
[SourceDate "2018.02.23"]
[SourceVersion "1"]
[SourceVersionDate "2018.02.23"]
[SourceQuality "1"]

1. Nf3 Nf6 2. c4 e6 3. Nc3 b6 4. g3 Bb7 5. Bg2 Be7 6. 0-0 0-0 7. d3 c5 8. Rb1 Nc6 9. a3 d5 10. cxd5 exd5 11. d4 Re8 12. Bf4 Rc8 13. Bh3 Ra8 14. Nb5 Nh5 15. Bc7 Bf6 16. Bxd8 Raxd8 17. dxc5 bxc5 18. Nc7 Re4 19. Bg2 d4 20. Nd2 Re7 21. Nb5 a6 22. Bxc6 Bxc6 23. Nxd4 cxd4 24. Nc4 g6 25. e3 Re4 26. Qb3 Bd5 27. Rbc1 Bg5 28. Qb6 d3 29. f4 Re6 30. Qxa6 Rxa6 31. Rfd1 Bf6 32. Rxd3 Ng7 33. Rcd1 Rc6 34. Rxd5 Rxd5 35. Rxd5 Rxc4 36. b4 Ne6 37. b5 Rc3 38. a4 Rxe3 39. Kf2 Rb3 40. a5 Bd8 41. b6 Bxb6+ 42. axb6 Rxb6 43. Kf3 Kg7 44. h4 h5 45. Rd7 Kf6 46. Ke4 Rb4+ 47. Kf3 Rb3+ 48. Kf2 Nc5 49. Rc7 Ne4+ 0-1

[Event "Wch Blitz (Women)"]
[Site "Riadh"]
[Date "2017.12.29"]
[Round "11"]
[White "Hoang, Thi Bao Tram"]
[Black "Albzoor, Anwar"]
[Result "1-0"]
[WhiteElo "2410"]
[BlackElo "1595"]
[PlyCount "57"]
[EventDate "2017.12.29"]
[EventType "swiss (blitz)"]
[EventRounds "21"]
[EventCountry "SAU"]
[SourceTitle "CBM 182 Extra"]
[Source "ChessBase"]
[SourceDate "2018.02.23"]
[SourceVersion "1"]
[SourceVersionDate "2018.02.23"]
[SourceQuality "1"]

1. d4 d5 2. Bf4 e6 3. e3 Nf6 4. Nd2 Be7 5. Bd3 0-0 6. Ngf3 b6 7. c4 Bb7 8. 0-0 Nbd7 9. cxd5 exd5 10. Qe2 Ne4 11. Rac1 c5 12. Ba6 Bxa6 13. Qxa6 Ndf6 14. Rfd1 Qc8 15. Qe2 Qd7 16. Ne5 Qd8 17. Nc6 Qd7 18. Nxe7+ Qxe7 19. Nxe4 dxe4 20. dxc5 bxc5 21. Bd6 Qe6 22. Bxf8 Kxf8 23. Rxc5 Qxa2 24. h3 Rb8 25. Rc2 Qb3 26. Rdc1 a5 27. Qd2 Qb7 28. Qd6+ Ke8 29. Rc7 1-0

[Event "Wch Rapid (Women)"]
[Site "Riadh"]
[Date "2017.12.28"]
[Round "13"]
[White "Papp, Petra"]
[Black "Albzoor, Anwar"]
[Result "1-0"]
[WhiteElo "2313"]
[BlackElo "1595"]
[PlyCount "21"]
[EventDate "2017.12.26"]
[EventType "swiss (rapid)"]
[EventRounds "15"]
[EventCountry "SAU"]
[SourceTitle "CBM 182 Extra"]
[Source "ChessBase"]
[SourceDate "2018.02.23"]
[SourceVersion "1"]
[SourceVersionDate "2018.02.23"]
[SourceQuality "1"]

1. e4 e6 2. d4 d5 3. Nc3 c5 4. exd5 exd5 5. dxc5 d4 6. Ne4 Bxc5 7. Nxc5 Qa5+ 8. c3 dxc3 9. Qa4+ Nc6 10. Qxa5 Nxa5 11. bxc3 1-0

[Event "Wch Rapid (Women)"]
[Site "Riadh"]
[Date "2017.12.26"]
[Round "2"]
[White "Albzoor, Anwar"]
[Black "Bivol, Alina"]
[Result "0-1"]
[WhiteElo "1595"]
[BlackElo "2356"]
[PlyCount "79"]
[EventDate "2017.12.26"]
[EventType "swiss (rapid)"]
[EventRounds "15"]
[EventCountry "SAU"]
[SourceTitle "CBM 182 Extra"]
[Source "ChessBase"]
[SourceDate "2018.02.23"]
[SourceVersion "1"]
[SourceVersionDate "2018.02.23"]
[SourceQuality "1"]

1. Nf3 Nf6 2. c4 g6 3. g3 Bg7 4. Bg2 d6 5. Nc3 0-0 6. 0-0 e5 7. d3 h6 8. Bd2 Nc6 9. Rb1 a5 10. a3 Ne8 11. b4 f5 12. b5 Ne7 13. Qb3 Kh7 14. Nd5 Nxd5 15. cxd5 b6 16. Qc4 Nf6 17. Rbc1 Rf7 18. Nxe5 Rf8 19. Nf3 Ra7 20. a4 Re8 21. Rfe1 Qe7 22. Nd4 Qf7 23. Nc6 Rb7 24. Nd4 Ra7 25. Nc6 Rb7 26. Nd4 Qg8 27. Qc6 Ra7 28. Qc4 Ng4 29. Nc6 Rb7 30. h3 Nf6 31. Nd4 g5 32. Qc6 Ra7 33. Qc4 Nd7 34. Ne6 Ne5 35. Qb3 Bxe6 36. dxe6 Qxe6 37. Qxe6 Rxe6 38. Rc2 Re7 39. Rec1 Ng6 40. Bf3 0-1

[Event "Wch Rapid (Women)"]
[Site "Riadh"]
[Date "2017.12.26"]
[Round "5"]
[White "Belenkaya, Dina"]
[Black "Albzoor, Anwar"]
[Result "1-0"]
[WhiteElo "2303"]
[BlackElo "1595"]
[PlyCount "45"]
[EventDate "2017.12.26"]
[EventType "swiss (rapid)"]
[EventRounds "15"]
[EventCountry "SAU"]
[SourceTitle "CBM 182 Extra"]
[Source "ChessBase"]
[SourceDate "2018.02.23"]
[SourceVersion "1"]
[SourceVersionDate "2018.02.23"]
[SourceQuality "1"]

1. e4 e6 2. d4 d5 3. Nd2 c5 4. Ngf3 Nc6 5. exd5 exd5 6. Bb5 Bd7 7. 0-0 Bd6 8. dxc5 Bxc5 9. Nb3 Be7 10. Qxd5 Nf6 11. Qd3 0-0 12. c3 a6 13. Bxc6 Bxc6 14. Qxd8 Rfxd8 15. Nbd4 Be4 16. Re1 Bc5 17. Bg5 Bxf3 18. Bxf6 Rd6 19. Be5 Bd5 20. Bxd6 Bxd6 21. Nf5 Bc5 22. Re5 Rd8 23. Rd1 1-0

[Event "Wch Rapid (Women)"]
[Site "Riadh"]
[Date "2017.12.26"]
[Round "1"]
[White "Sukandar, Irine Kharisma"]
[Black "Albzoor, Anwar"]
[Result "1-0"]
[WhiteElo "2384"]
[BlackElo "1595"]
[PlyCount "43"]
[EventDate "2017.12.26"]
[EventType "swiss (rapid)"]
[EventRounds "15"]
[EventCountry "SAU"]
[SourceTitle "CBM 182 Extra"]
[Source "ChessBase"]
[SourceDate "2018.02.23"]
[SourceVersion "1"]
[SourceVersionDate "2018.02.23"]
[SourceQuality "1"]

1. d4 d5 2. Bf4 e6 3. e3 Nf6 4. Nd2 Be7 5. Bd3 b6 6. Ngf3 Bb7 7. c3 Nbd7 8. Ne5 Ne4 9. Nxe4 dxe4 10. Bb5 c6 11. Nxc6 Bxc6 12. Bxc6 Rc8 13. Bb7 Rc4 14. Qb3 Rc7 15. Bxc7 Qxc7 16. Bxe4 0-0 17. 0-0 Bd6 18. f4 Nf6 19. Bf3 h5 20. Rae1 g5 21. Qb5 Kg7 22. Qxg5+ 1-0

[Event "Olympiad Women-42"]
[Site "Baku"]
[Date "2016.09.13"]
[Round "11.2"]
[White "Albzoor, Anwar"]
[Black "Persaud, Yolander"]
[Result "1-0"]
[WhiteElo "1570"]
[BlackElo "1151"]
[PlyCount "77"]
[EventDate "2016.09.02"]
[EventType "team-swiss"]
[EventRounds "11"]
[EventCountry "AZE"]
[SourceTitle "CBM 174 Extra"]
[Source "ChessBase"]
[SourceDate "2016.10.10"]
[SourceVersion "1"]
[SourceVersionDate "2016.10.10"]
[SourceQuality "1"]
[WhiteTeam "Palestine (W)"]
[BlackTeam "Guyana (W)"]
[WhiteTeamCountry "PLE"]
[BlackTeamCountry "GUY"]

1. Nf3 d5 2. c4 c6 3. g3 Nf6 4. Bg2 Bf5 5. cxd5 cxd5 6. Nc3 e6 7. Nh4 Bg4 8. d4 Nc6 9. 0-0 Bd6 10. Nb5 0-0 11. Nxd6 Qxd6 12. h3 Bh5 13. Nf3 h6 14. Bf4 Qd8 15. Rc1 Bxf3 16. Bxf3 Qb6 17. e3 Qxb2 18. Rb1 Qxa2 19. Rxb7 Qa6 20. Qb1 Rfc8 21. Qb2 Na5 22. Rb4 Nd7 23. Be2 Nc4 24. Ra1 Nxb2 25. Bxa6 Rc2 26. g4 Nb6 27. Bg3 N6c4 28. Bb7 Nd3 29. Rxc4 Rxc4 30. Bxa8 Rc1+ 31. Rxc1 Nxc1 32. Bc6 a5 33. Bc7 Ne2+ 34. Kg2 Nc3 35. Bxa5 Ne4 36. Bd7 g6 37. Bd8 Kg7 38. Kf3 f5 39. Bxe6 1-0

[Event "Arab-ch (Women)"]
[Site "Amman"]
[Date "2014.12.09"]
[Round "4.4"]
[White "Albzoor, Anwar"]
[Black "Latreche, Sabrina"]
[Result "0-1"]
[WhiteElo "1893"]
[BlackElo "2058"]
[PlyCount "98"]
[EventDate "2014.12.07"]
[EventType "swiss"]
[EventRounds "9"]
[EventCountry "JOR"]
[SourceTitle "EXT 2024"]
[Source "ChessBase"]
[SourceDate "2023.10.10"]
[SourceVersion "1"]
[SourceVersionDate "2023.10.10"]
[SourceQuality "1"]

1. c4 e5 2. Nc3 Nc6 3. g3 f5 4. Bg2 Nf6 5. Nf3 e4 6. Ng1 Bc5 7. a3 a5 8. d3 exd3 9. Qxd3 Ne5 10. Qxf5 d6 11. Qc2 0-0 12. Nf3 Nxc4 13. Na4 Be6 14. Nxc5 dxc5 15. Ng5 Bd5 16. e4 Qe7 17. 0-0 Bf7 18. Re1 Nb6 19. Be3 Nfd7 20. Nxf7 Rxf7 21. Rac1 c4 22. f4 Nc5 23. Bxc5 Qxc5+ 24. Qf2 Qxf2+ 25. Kxf2 g5 26. f5 Rd8 27. Ke3 Rd3+ 28. Ke2 Rb3 29. Rc2 Nd7 30. Rb1 Ne5 31. Rc3 Rb6 32. b4 axb4 33. Rxb4 Rxb4 34. axb4 b5 35. h3 Nd3 36. Ke3 Nxb4 37. Kd4 Nd3 38. Bf1 Rd7+ 39. Ke3 Ne5 40. Rc2 c5 41. g4 Ra7 42. Rd2 b4 43. Rd5 Ra3+ 44. Kf2 c3 45. Rxc5 Ra2+ 46. Ke3 c2 47. Kd2 Nf3+ 48. Ke3 Ra3+ 49. Ke2 Rc3 0-1

[Event "Arab-ch (Women)"]
[Site "Amman"]
[Date "2014.12.08"]
[Round "3.2"]
[White "Al Rufaye, Iman Hasan Mohammed"]
[Black "Albzoor, Anwar"]
[Result "1-0"]
[WhiteElo "2112"]
[BlackElo "1893"]
[PlyCount "64"]
[EventDate "2014.12.07"]
[EventType "swiss"]
[EventRounds "9"]
[EventCountry "JOR"]
[SourceTitle "EXT 2024"]
[Source "ChessBase"]
[SourceDate "2023.10.10"]
[SourceVersion "1"]
[SourceVersionDate "2023.10.10"]
[SourceQuality "1"]

1. e4 e6 2. d4 d5 3. Nc3 Nf6 4. e5 Nfd7 5. f4 c5 6. Nf3 Qb6 7. a3 Nc6 8. Be3 a5 9. Be2 a4 10. dxc5 Bxc5 11. Bxc5 Nxc5 12. Rb1 Bd7 13. Nd4 Ne4 14. Nxe4 Nxd4 15. Nd6+ Ke7 16. Bd3 Bb5 17. c3 Bxd3 18. Qxd3 Nc6 19. Qg3 g6 20. Qh4+ Kd7 21. Ke2 f5 22. Rhd1 Na5 23. Qf6 Qa6+ 24. Kf3 Nc4 25. Qf7+ Kd8 26. Qxe6 Kc7 27. Qxd5 Nxd6 28. Qxd6+ Qxd6 29. Rxd6 Rad8 30. Rbd1 Rhe8 31. Rxd8 Rxd8 32. Rxd8 Kxd8 1-0

[Event "Olympiad Women-41"]
[Site "Tromsoe"]
[Date "2014.08.04"]
[Round "3.4"]
[White "Mutesi, Phiona"]
[Black "Albzoor, Anwar"]
[Result "0-1"]
[WhiteElo "1632"]
[BlackElo "1893"]
[PlyCount "114"]
[EventDate "2014.08.02"]
[EventType "team-swiss"]
[EventRounds "11"]
[EventCountry "NOR"]
[SourceTitle "CBM 162"]
[Source "ChessBase"]
[SourceDate "2014.09.17"]
[SourceVersion "1"]
[SourceVersionDate "2014.09.17"]
[SourceQuality "1"]
[WhiteTeam "Uganda (W)"]
[BlackTeam "Palestine (W)"]
[WhiteTeamCountry "UGA"]
[BlackTeamCountry "PLE"]

1. e4 e6 2. Nc3 b6 3. Nf3 Bb7 4. b3 Nc6 5. Bb2 Nf6 6. d3 Be7 7. Be2 0-0 8. 0-0 Nh5 9. Qd2 Bd6 10. e5 Nxe5 11. Nxe5 Bxe5 12. d4 Bf4 13. Qd3 Qg5 14. Ne4 Qg6 15. Ng3 Nxg3 16. fxg3 Qxd3 17. Bxd3 Be3+ 18. Kh1 c5 19. dxc5 Bxc5 20. Rad1 Rac8 21. Rfe1 Bb4 22. Re2 Rc5 23. c3 Bxc3 24. Ba3 Rfc8 25. Bxc5 Rxc5 26. Rc1 d5 27. a3 e5 28. b4 Rc8 29. Bf5 Rc7 30. Re3 d4 31. Rxe5 g6 32. Bd3 Rd7 33. Rc2 f6 34. Re8+ Kf7 35. Rce2 Bd5 36. Bb5 Rc7 37. h3 f5 38. Rd8 Be4 39. Rd7+ Rxd7 40. Bxd7 d3 41. Rf2 Bd4 42. Rd2 Bc3 43. Rd1 d2 44. Ba4 Ke6 45. Bb3+ Ke5 46. Kh2 Kd4 47. Kg1 b5 48. Kf2 Kd3 49. a4 Bd4+ 50. Kf1 Kc3 51. Ke2 Bd3+ 52. Kf3 Kxb3 53. Rxd2 Be4+ 54. Ke2 Bc3 55. Rd7 bxa4 56. b5 a3 57. Rxa7 a2 0-1

[Event "Arab-ch (Women)"]
[Site "Abu Dhabi"]
[Date "2013.12.14"]
[Round "8"]
[White "Albzoor, Anwar"]
[Black "Awad, Omaima"]
[Result "1/2-1/2"]
[WhiteElo "1893"]
[BlackElo "1641"]
[PlyCount "49"]
[EventDate "2013.12.08"]
[EventType "swiss"]
[EventRounds "9"]
[EventCountry "UAE"]
[SourceTitle "CBM 157 Extra"]
[Source "ChessBase"]
[SourceDate "2013.12.19"]
[SourceVersion "1"]
[SourceVersionDate "2013.12.19"]
[SourceQuality "1"]

1. Nf3 d5 2. c4 e6 3. Nc3 Nf6 4. g3 Bd6 5. Bg2 0-0 6. cxd5 exd5 7. 0-0 c6 8. b3 Bg4 9. Bb2 Nbd7 10. Rc1 Re8 11. Re1 Ne5 12. Nxe5 Bxe5 13. d4 Bd6 14. Qc2 Qd7 15. Na4 Bb4 16. Bc3 Bxc3 17. Nxc3 Bf5 18. Qd2 Ne4 19. Nxe4 Bxe4 20. Qf4 Bxg2 21. Kxg2 Re4 22. Qd2 Rae8 23. e3 h5 24. Qe2 R4e6 25. h3 1/2-1/2

[Event "Olympiad Women-40"]
[Site "Istanbul"]
[Date "2012.09.01"]
[Round "5.2"]
[White "Albzoor, Anwar"]
[Black "Gonzalez, Yaribeth"]
[Result "1/2-1/2"]
[WhiteElo "1893"]
[BlackElo "1796"]
[PlyCount "84"]
[EventDate "2012.08.28"]
[EventType "team-swiss"]
[EventRounds "11"]
[EventCountry "TUR"]
[SourceTitle "CBM 150 Extra"]
[Source "ChessBase"]
[SourceDate "2012.10.19"]
[SourceVersion "1"]
[SourceVersionDate "2012.10.19"]
[SourceQuality "1"]
[WhiteTeam "Palestine (W)"]
[BlackTeam "Panama (W)"]
[WhiteTeamCountry "PLE"]
[BlackTeamCountry "PAN"]

1. d4 d5 2. Nf3 Nf6 3. e3 e6 4. c4 dxc4 5. Bxc4 c5 6. 0-0 cxd4 7. Nxd4 Be7 8. Nd2 0-0 9. b3 Qc7 10. h3 a6 11. Bb2 b5 12. Be2 e5 13. Rc1 Qd6 14. N4f3 Nc6 15. Qc2 Nb4 16. Bxe5 Qe6 17. Qb2 Bb7 18. Rfd1 Rfc8 19. a3 Nc6 20. Bc3 h6 21. b4 g5 22. Qb3 Nd5 23. Bb2 f5 24. Bd3 g4 25. hxg4 fxg4 26. e4 Nf4 27. Qxe6+ Nxe6 28. Ne5 Nxe5 29. Bxe5 Rxc1 30. Rxc1 Rd8 31. Rc3 Bg5 32. Nb3 Nf4 33. Bxf4 Bxf4 34. Nc5 Bc8 35. Be2 Be5 36. Rd3 Rxd3 37. Nxd3 Bd4 38. Kh2 h5 39. f3 gxf3 40. gxf3 Kg7 41. Kg3 Kh6 42. f4 Kg6 1/2-1/2

[Event "Arab Games (Women)"]
[Site "Doha"]
[Date "2011.12.21"]
[Round "8"]
[White "Al Rufaye, Iman Hasan Mohammed"]
[Black "Albzoor, Anwar"]
[Result "1-0"]
[WhiteElo "2155"]
[BlackElo "1893"]
[PlyCount "55"]
[EventDate "2011.12.13"]
[EventType "team-swiss"]
[EventRounds "9"]
[EventCountry "QAT"]
[SourceTitle "CBM 145 Extra"]
[Source "ChessBase"]
[SourceDate "2012.01.03"]
[SourceVersion "1"]
[SourceVersionDate "2012.01.03"]
[SourceQuality "1"]
[WhiteTeam "Iraq (W)"]
[BlackTeam "Palestine (W)"]
[WhiteTeamCountry "IRQ"]
[BlackTeamCountry "PLE"]

1. e4 e5 2. Nf3 Nc6 3. Bc4 h6 4. c3 Nf6 5. 0-0 Be7 6. Re1 0-0 7. d4 d6 8. h3 b6 9. Nbd2 Bb7 10. Nf1 Na5 11. Bd3 Nc6 12. Ng3 exd4 13. cxd4 Re8 14. a3 Qd7 15. e5 Nh7 16. Bf5 Qd8 17. e6 fxe6 18. Bxe6+ Kh8 19. d5 Nb8 20. Nh5 Nf6 21. Ng5 Rf8 22. Nxf6 Bxf6 23. Nf7+ Rxf7 24. Bxf7 Be5 25. Qh5 Qf6 26. f4 Bd4+ 27. Kh1 Nd7 28. Re6 1-0

[Event "Arab Games (Women)"]
[Site "Doha"]
[Date "2011.12.16"]
[Round "4"]
[White "Albzoor, Anwar"]
[Black "Mona, Khaled"]
[Result "0-1"]
[WhiteElo "1893"]
[BlackElo "2109"]
[PlyCount "70"]
[EventDate "2011.12.13"]
[EventType "team-swiss"]
[EventRounds "9"]
[EventCountry "QAT"]
[SourceTitle "CBM 145 Extra"]
[Source "ChessBase"]
[SourceDate "2012.01.03"]
[SourceVersion "1"]
[SourceVersionDate "2012.01.03"]
[SourceQuality "1"]
[WhiteTeam "Palestine (W)"]
[BlackTeam "Egypt (W)"]
[WhiteTeamCountry "PLE"]
[BlackTeamCountry "EGY"]

1. d4 Nf6 2. c4 g6 3. Nf3 Bg7 4. Bf4 0-0 5. e3 d6 6. h3 Nfd7 7. Bd3 e5 8. dxe5 dxe5 9. Bh2 e4 10. Bxe4 Bxb2 11. Nbd2 Bxa1 12. Qxa1 Qf6 13. Qxf6 Nxf6 14. Bxc7 Na6 15. Be5 Nd7 16. Bg3 Ndc5 17. Bd5 Be6 18. 0-0 Bxd5 19. cxd5 Rad8 20. e4 f5 21. Bh4 Rd7 22. Ne5 Rg7 23. Bg5 Re8 24. Bf6 Rc7 25. d6 Rcc8 26. d7 Nxd7 27. Nxd7 Rc7 28. Ne5 Rc2 29. Rd1 Re6 30. Nd7 Rd6 31. e5 Rxd7 32. e6 Rdxd2 33. Re1 Rxf2 34. Be5 Rxg2+ 35. Kh1 Rge2 0-1